[Event "WCO 2016"]
[Site "?"]
[Date "2016.09.13"]
[Round "11"]
[Board "31"]
[WhiteID "4202031"]
[White "Banikas Hristos"]
[BlackID "718939"]
[Black "Balogh Csaba"]
[Result "1/2-1/2"]
[BlackElo "2614"]
[WhiteElo "2571"]
[LiveChessVersion "1.4.8"]

1. d4 {[%clk 1:30:51]} d5 {[%clk 1:30:42]} 2. c4 {[%clk 1:31:09]} dxc4
{[%clk 1:31:00]} 3. e4 {[%clk 1:31:16]} e5 {[%clk 1:30:59]} 4. Nf3
{[%clk 1:30:31]} Bb4+ {[%clk 1:31:15]} 5. Bd2 {[%clk 1:30:00]} Bxd2+
{[%clk 1:30:03]} 6. Qxd2 {[%clk 1:29:29]} exd4 {[%clk 1:30:19]} 7. Nxd4
{[%clk 1:29:48]} Nf6 {[%clk 1:27:25]} 8. Nc3 {[%clk 1:29:15]} O-O
{[%clk 1:27:43]} 9. O-O-O {[%clk 1:20:11]} Qe7 {[%clk 1:27:41]} 10. f3
{[%clk 1:11:10]} c5 {[%clk 1:27:57]} 11. Nde2 {[%clk 0:43:23]} Nc6
{[%clk 1:09:11]} 12. Nf4 {[%clk 0:42:41]} Be6 {[%clk 1:07:22]} 13. Qd6
{[%clk 0:36:09]} Qxd6 {[%clk 1:05:50]} 14. Rxd6 {[%clk 0:36:34]} Rfd8
{[%clk 1:06:17]} 15. Rxd8+ {[%clk 0:35:19]} Rxd8 {[%clk 1:06:41]} 16. Nxe6
{[%clk 0:35:43]} fxe6 {[%clk 1:07:06]} 17. Bxc4 {[%clk 0:36:05]} Kf7
{[%clk 1:07:22]} 18. Re1 {[%clk 0:34:01]} Ne5 {[%clk 1:00:59]} 19. Be2
{[%clk 0:33:54]} g5 {[%clk 1:01:09]} 20. Rf1 {[%clk 0:30:33]} Nc6
{[%clk 0:51:12]} 21. h4 {[%clk 0:28:02]} h6 {[%clk 0:49:39]} 22. hxg5
{[%clk 0:28:27]} hxg5 {[%clk 0:50:03]} 23. Rh1 {[%clk 0:28:47]} b6
{[%clk 0:28:44]} 24. b3 {[%clk 0:25:06]} Kg7 {[%clk 0:27:21]} 25. Bc4
{[%clk 0:23:15]} Kf7 {[%clk 0:26:20]} 26. Be2 {[%clk 0:22:24]} Kg7
{[%clk 0:23:46]} 27. Bc4 {[%clk 0:22:39]} Kf7 {[%clk 0:23:56]} 28. Be2
{[%clk 0:22:50]} Kg7 {[%clk 0:22:27]} 29. Bc4 1/2-1/2

[Event "WCO 2016"]
[Site "?"]
[Date "2016.09.13"]
[Round "11"]
[Board "32"]
[WhiteID "712779"]
[White "Gledura Benjamin"]
[BlackID "4201809"]
[Black "Halkias Stelios"]
[Result "0-1"]
[BlackElo "2565"]
[WhiteElo "2585"]
[LiveChessVersion "1.4.8"]

1. Nf3 {[%clk 1:30:55]} c5 {[%clk 1:30:10]} 2. c4 {[%clk 1:31:03]} Nc6
{[%clk 1:28:34]} 3. Nc3 {[%clk 1:30:42]} g6 {[%clk 1:26:41]} 4. e3
{[%clk 1:30:44]} Bg7 {[%clk 1:25:01]} 5. d4 {[%clk 1:29:20]} d6 {[%clk 1:25:26]}
6. d5 {[%clk 1:27:36]} Ne5 {[%clk 1:25:42]} 7. Be2 {[%clk 1:22:58]} Nxf3+
{[%clk 1:21:27]} 8. Bxf3 {[%clk 1:21:32]} Nf6 {[%clk 1:21:02]} 9. O-O
{[%clk 1:21:11]} h5 {[%clk 1:09:09]} 10. e4 {[%clk 1:17:30]} Bg4 {[%clk 1:02:55]}
11. Be2 {[%clk 1:13:16]} O-O {[%clk 0:49:48]} 12. Bg5 {[%clk 1:10:26]} Bd7
{[%clk 0:41:11]} 13. Qd2 {[%clk 1:01:31]} a6 {[%clk 0:40:43]} 14. a4
{[%clk 1:00:01]} Qb6 {[%clk 0:39:06]} 15. a5 {[%clk 0:54:54]} Qc7
{[%clk 0:37:09]} 16. Bh6 {[%clk 0:52:07]} Rab8 {[%clk 0:31:00]} 17. Bxg7
{[%clk 0:49:21]} Kxg7 {[%clk 0:30:09]} 18. Bd1 {[%clk 0:48:28]} e5
{[%clk 0:22:35]} 19. dxe6 {[%clk 0:47:17]} Bxe6 {[%clk 0:22:49]} 20. b3
{[%clk 0:45:57]} Bd7 {[%clk 0:19:12]} 21. Bc2 {[%clk 0:43:22]} Bc6
{[%clk 0:19:05]} 22. Qc1 {[%clk 0:27:18]} Rfe8 {[%clk 0:15:20]} 23. Qb2
{[%clk 0:27:26]} Kg8 {[%clk 0:15:03]} 24. Rae1 {[%clk 0:25:52]} Qxa5
{[%clk 0:11:03]} 25. f4 {[%clk 0:26:08]} Qd8 {[%clk 0:11:02]} 26. Bb1
{[%clk 0:19:52]} b5 {[%clk 0:09:02]} 27. Qc2 {[%clk 0:16:37]} bxc4
{[%clk 0:06:40]} 28. bxc4 {[%clk 0:17:01]} Rb4 {[%clk 0:06:37]} 29. f5
{[%clk 0:16:52]} Re5 {[%clk 0:05:21]} 30. fxg6 {[%clk 0:15:57]} fxg6
{[%clk 0:02:38]} 31. Rf3 {[%clk 0:12:46]} Kg7 {[%clk 0:02:03]} 32. Ref1
{[%clk 0:10:28]} Nxe4 {[%clk 0:01:06]} 33. Rf4 {[%clk 0:06:09]} Rxc4
{[%clk 0:01:08]} 34. Qb2 {[%clk 0:04:59]} Nxc3 {[%clk 0:00:34]} 35. Rxc4
{[%clk 0:05:12]} Ne2+ {[%clk 0:00:37]} 36. Kh1 {[%clk 0:05:10]} Nd4
{[%clk 0:00:46]} 37. Qf2 {[%clk 0:04:00]} Qe7 {[%clk 0:00:39]} 38. Bd3
{[%clk 0:03:33]} Rg5 {[%clk 0:00:33]} 39. Rg1 {[%clk 0:03:49]} Re5
{[%clk 0:00:34]} 40. Rcc1 {[%clk 0:33:18]} h4 {[%clk 0:30:35]} 41. Rge1
{[%clk 0:24:47]} h3 {[%clk 0:27:15]} 42. Bf1 {[%clk 0:21:10]} hxg2+
{[%clk 0:27:10]} 43. Bxg2 {[%clk 0:21:33]} Bxg2+ {[%clk 0:27:19]} 44. Kxg2
{[%clk 0:21:57]} Qb7+ {[%clk 0:27:21]} 0-1

[Event "WCO 2016"]
[Site "?"]
[Date "2016.09.13"]
[Round "11"]
[Board "36"]
[WhiteID "325740"]
[White "Plat Vojtech"]
[BlackID "603767"]
[Black "Bauer Christian"]
[Result "1/2-1/2"]
[BlackElo "2623"]
[WhiteElo "2519"]
[LiveChessVersion "1.4.8"]

1. d4 {[%clk 1:30:53]} e6 {[%clk 1:30:21]} 2. e4 {[%clk 1:31:13]} d5
{[%clk 1:30:45]} 3. Nd2 {[%clk 1:31:38]} Nc6 {[%clk 1:30:44]} 4. Ngf3
{[%clk 1:32:05]} Nf6 {[%clk 1:31:10]} 5. e5 {[%clk 1:32:31]} Nd7 {[%clk 1:31:34]}
6. Bd3 {[%clk 1:32:58]} Nb4 {[%clk 1:31:18]} 7. Be2 {[%clk 1:33:24]} c5
{[%clk 1:31:38]} 8. c3 {[%clk 1:33:50]} Nc6 {[%clk 1:32:04]} 9. O-O
{[%clk 1:34:05]} h6 {[%clk 1:30:51]} 10. Re1 {[%clk 1:31:54]} g5 {[%clk 1:25:59]}
11. g4 {[%clk 1:30:58]} Qb6 {[%clk 1:19:27]} 12. c4 {[%clk 1:24:22]} cxd4
{[%clk 1:07:02]} 13. cxd5 {[%clk 1:24:41]} exd5 {[%clk 1:07:17]} 14. Nb3
{[%clk 1:16:27]} Bb4 {[%clk 0:52:34]} 15. Bd2 {[%clk 1:15:12]} O-O
{[%clk 0:49:10]} 16. Bf1 {[%clk 0:29:14]} Nc5 {[%clk 0:30:36]} 17. Bxb4
{[%clk 0:26:54]} Qxb4 {[%clk 0:30:46]} 18. Nxc5 {[%clk 0:25:02]} Qxc5
{[%clk 0:29:58]} 19. h3 {[%clk 0:25:23]} f5 {[%clk 0:18:06]} 20. exf6
{[%clk 0:25:02]} Bd7 {[%clk 0:11:22]} 21. b4 {[%clk 0:22:16]} Qxb4
{[%clk 0:09:32]} 22. Rb1 {[%clk 0:22:20]} Qd6 {[%clk 0:09:31]} 23. Rxb7
{[%clk 0:20:12]} Rxf6 {[%clk 0:09:35]} 24. Bg2 {[%clk 0:18:39]} Raf8
{[%clk 0:08:21]} 25. Nxd4 {[%clk 0:17:31]} Bc8 {[%clk 0:01:29]} 26. Rb2
{[%clk 0:14:12]} Kh8 {[%clk 0:01:49]} 27. Nxc6 {[%clk 0:13:47]} Qxc6
{[%clk 0:02:18]} 28. Qxd5 {[%clk 0:13:56]} Qc3 {[%clk 0:01:43]} 29. Qe5
{[%clk 0:14:11]} Qxe5 {[%clk 0:01:35]} 30. Rxe5 {[%clk 0:14:39]} Be6
{[%clk 0:00:51]} 31. a4 {[%clk 0:13:27]} Bc4 {[%clk 0:00:43]} 32. Rc5
{[%clk 0:11:35]} Bg8 {[%clk 0:00:33]} 33. Ra5 {[%clk 0:10:45]} R6f7
{[%clk 0:00:35]} 34. Ra6 {[%clk 0:10:37]} Kg7 {[%clk 0:00:55]} 35. Rb7
{[%clk 0:08:14]} Rxb7 {[%clk 0:01:13]} 36. Bxb7 {[%clk 0:08:43]} Re8
{[%clk 0:01:01]} 37. f3 {[%clk 0:05:05]} Bc4 {[%clk 0:00:40]} 38. Rc6
{[%clk 0:04:53]} Re1+ {[%clk 0:00:39]} 39. Kf2 {[%clk 0:05:20]} Re2+
{[%clk 0:00:54]} 40. Kg3 {[%clk 0:35:19]} Bd3 {[%clk 0:30:48]} 41. Rd6
{[%clk 0:30:38]} Bc2 {[%clk 0:23:04]} 42. a5 {[%clk 0:30:20]} Re7
{[%clk 0:20:12]} 43. a6 {[%clk 0:29:16]} Bg6 {[%clk 0:18:01]} 44. h4
{[%clk 0:28:45]} Bf7 {[%clk 0:17:25]} 45. Be4 {[%clk 0:25:16]} Re6
{[%clk 0:12:36]} 46. Rd7 {[%clk 0:25:42]} Rxa6 {[%clk 0:13:03]} 47. Bd5
{[%clk 0:26:05]} Rf6 {[%clk 0:13:30]} 48. Rxa7 {[%clk 0:26:25]} Kf8
{[%clk 0:13:52]} 49. Rxf7+ {[%clk 0:26:27]} Rxf7 {[%clk 0:14:21]} 50. Bxf7
{[%clk 0:26:55]} Kxf7 {[%clk 0:14:43]} 51. f4 {[%clk 0:27:23]} gxf4+
{[%clk 0:14:27]} 52. Kxf4 {[%clk 0:27:48]} Kf6 {[%clk 0:14:51]} 53. Kf3
{[%clk 0:26:49]} Kf7 {[%clk 0:09:01]} 54. Ke2 {[%clk 0:27:13]} Ke6
{[%clk 0:08:59]} 55. Ke3 {[%clk 0:27:10]} Ke7 {[%clk 0:08:40]} 56. Kd3
{[%clk 0:26:55]} Kd7 {[%clk 0:08:41]} 57. Kc3 {[%clk 0:25:30]} Ke6
{[%clk 0:08:13]} 58. Kd4 {[%clk 0:24:29]} Kd6 {[%clk 0:08:34]} 59. Ke4
{[%clk 0:24:43]} Ke6 {[%clk 0:09:03]} 60. Ke3 {[%clk 0:24:23]} Ke7
{[%clk 0:09:16]} 61. Kf4 {[%clk 0:23:51]} Kf6 {[%clk 0:09:39]} 62. g5+
{[%clk 0:24:20]} hxg5+ {[%clk 0:09:53]} 63. hxg5+ {[%clk 0:24:49]} Kg6
{[%clk 0:09:33]} 64. Kg4 {[%clk 0:25:16]} Kg7 {[%clk 0:09:52]} 65. Kf5
{[%clk 0:25:43]} Kf7 {[%clk 0:10:17]} 66. g6+ {[%clk 0:26:11]} Kg7
{[%clk 0:10:28]} 67. Kg5 {[%clk 0:26:38]} Kg8 {[%clk 0:10:29]} 68. Kf6
{[%clk 0:27:06]} Kf8 {[%clk 0:10:51]} 69. g7+ {[%clk 0:27:34]} Kg8
{[%clk 0:11:17]} 70. Kg6 1/2-1/2

[Event "WCO 2016"]
[Site "?"]
[Date "2016.09.13"]
[Round "11"]
[Board "37"]
[WhiteID "1118358"]
[White "Wojtaszek Radoslaw"]
[BlackID "2205530"]
[Black "Vallejo Pons Francisco"]
[Result "1-0"]
[BlackElo "2716"]
[WhiteElo "2736"]
[LiveChessVersion "1.4.8"]

1. d4 {[%clk 1:30:57]} e6 {[%clk 1:30:45]} 2. c4 {[%clk 1:31:21]} Nf6
{[%clk 1:31:09]} 3. Nf3 {[%clk 1:31:46]} b6 {[%clk 1:31:17]} 4. g3
{[%clk 1:32:10]} Bb4+ {[%clk 1:31:40]} 5. Bd2 {[%clk 1:32:34]} Bxd2+
{[%clk 1:32:03]} 6. Qxd2 {[%clk 1:33:00]} Bb7 {[%clk 1:32:26]} 7. Bg2
{[%clk 1:32:33]} O-O {[%clk 1:32:34]} 8. Nc3 {[%clk 1:30:59]} Ne4
{[%clk 1:32:30]} 9. Qd3 {[%clk 1:31:25]} f5 {[%clk 1:32:35]} 10. Ne5
{[%clk 1:29:03]} Nc5 {[%clk 1:32:44]} 11. dxc5 {[%clk 1:29:29]} Bxg2
{[%clk 1:33:10]} 12. Rg1 {[%clk 1:29:53]} Bc6 {[%clk 1:33:24]} 13. O-O-O
{[%clk 1:29:00]} Qe7 {[%clk 1:31:51]} 14. Qd4 {[%clk 1:18:40]} Na6
{[%clk 1:08:51]} 15. cxb6 {[%clk 1:15:12]} axb6 {[%clk 1:08:01]} 16. g4
{[%clk 0:44:40]} Nc5 {[%clk 1:02:26]} 17. gxf5 {[%clk 0:34:20]} Rxa2
{[%clk 0:37:41]} 18. Kc2 {[%clk 0:34:45]} Ba4+ {[%clk 0:25:42]} 19. Nxa4
{[%clk 0:35:10]} Nxa4 {[%clk 0:25:56]} 20. Nd3 {[%clk 0:35:02]} c5
{[%clk 0:23:21]} 21. f6 {[%clk 0:31:49]} Rxf6 {[%clk 0:23:09]} 22. Qe4
{[%clk 0:32:13]} b5 {[%clk 0:17:21]} 23. Kb3 {[%clk 0:26:35]} d5 {[%clk 0:15:49]}
24. Qe5 {[%clk 0:27:01]} Rf5 {[%clk 0:13:21]} 25. Qb8+ {[%clk 0:17:27]} Rf8
{[%clk 0:13:38]} 26. Qe5 {[%clk 0:17:52]} Rf5 {[%clk 0:14:01]} 27. Qb8+
{[%clk 0:18:11]} Rf8 {[%clk 0:14:29]} 28. Qe5 {[%clk 0:17:24]} Qa7
{[%clk 0:05:18]} 29. Kxa2 {[%clk 0:14:41]} Nc3+ {[%clk 0:05:18]} 30. Kb3
{[%clk 0:14:42]} Nxd1 {[%clk 0:05:42]} 31. Nxc5 {[%clk 0:13:33]} dxc4+
{[%clk 0:03:36]} 32. Kc2 {[%clk 0:13:21]} Nxf2 {[%clk 0:03:46]} 33. Nxe6
{[%clk 0:12:52]} Rf7 {[%clk 0:03:24]} 34. Nxg7 {[%clk 0:11:40]} Ng4
{[%clk 0:01:16]} 35. Ne6 {[%clk 0:11:13]} h5 {[%clk 0:00:37]} 36. Qg5+
{[%clk 0:11:18]} Kh7 {[%clk 0:00:33]} 37. Qxh5+ 1-0

[Event "WCO 2016"]
[Site "?"]
[Date "2016.09.13"]
[Round "11"]
[Board "38"]
[WhiteID "2257327"]
[White "Salgado Lopez Ivan"]
[BlackID "1170546"]
[Black "Duda Jan-Krzysztof"]
[Result "1/2-1/2"]
[BlackElo "2675"]
[WhiteElo "2662"]
[LiveChessVersion "1.4.8"]

1. e4 {[%clk 1:30:57]} c6 {[%clk 1:30:53]} 2. d4 {[%clk 1:28:29]} d5
{[%clk 1:31:16]} 3. Nc3 {[%clk 1:28:53]} dxe4 {[%clk 1:31:27]} 4. Nxe4
{[%clk 1:29:16]} Nd7 {[%clk 1:31:50]} 5. Nf3 {[%clk 1:28:36]} Ngf6
{[%clk 1:31:33]} 6. Nxf6+ {[%clk 1:28:55]} Nxf6 {[%clk 1:31:53]} 7. c3
{[%clk 1:29:12]} g6 {[%clk 1:20:14]} 8. Bc4 {[%clk 1:27:12]} Bg7 {[%clk 1:17:36]}
9. O-O {[%clk 1:27:31]} O-O {[%clk 1:17:37]} 10. Re1 {[%clk 1:27:53]} b6
{[%clk 1:16:05]} 11. Bg5 {[%clk 1:23:12]} Bb7 {[%clk 1:13:27]} 12. Qe2
{[%clk 1:05:57]} e6 {[%clk 1:10:20]} 13. Rad1 {[%clk 1:06:18]} Rc8
{[%clk 1:05:19]} 14. Ba6 {[%clk 0:58:08]} Bxa6 {[%clk 1:04:57]} 15. Qxa6
{[%clk 0:58:30]} Rc7 {[%clk 1:04:07]} 16. Bf4 {[%clk 0:57:28]} Qc8
{[%clk 1:01:52]} 17. Qa4 {[%clk 0:56:59]} Rb7 {[%clk 0:56:45]} 18. Ne5
{[%clk 0:56:44]} Nd5 {[%clk 0:57:08]} 19. Bg3 {[%clk 0:56:29]} Ne7
{[%clk 0:56:24]} 20. h3 {[%clk 0:54:57]} Rd8 {[%clk 0:50:14]} 21. Qa3
{[%clk 0:53:31]} Nf5 {[%clk 0:49:24]} 22. Bf4 {[%clk 0:53:13]} Rd5
{[%clk 0:49:27]} 23. Qb3 {[%clk 0:52:37]} h6 {[%clk 0:47:17]} 24. Qc4
{[%clk 0:51:12]} b5 {[%clk 0:45:54]} 25. Qe2 {[%clk 0:49:23]} c5 {[%clk 0:39:54]}
26. dxc5 {[%clk 0:48:52]} Qxc5 {[%clk 0:38:48]} 27. Rxd5 {[%clk 0:39:05]} Qxd5
{[%clk 0:38:57]} 28. Rd1 {[%clk 0:38:37]} Qxa2 {[%clk 0:31:22]} 29. Rd8+
{[%clk 0:36:44]} Kh7 {[%clk 0:31:46]} 30. Qf3 {[%clk 0:33:52]} Qa1+
{[%clk 0:29:09]} 31. Kh2 {[%clk 0:30:18]} Re7 {[%clk 0:29:18]} 32. Nc6
{[%clk 0:29:16]} Rb7 {[%clk 0:29:07]} 33. Ne5 {[%clk 0:28:25]} Re7
{[%clk 0:29:31]} 34. Nc6 {[%clk 0:28:36]} Rb7 {[%clk 0:29:22]} 35. Ne5
{[%clk 0:28:59]} Re7 1/2-1/2

[Event "WCO 2016"]
[Site "?"]
[Date "2016.09.13"]
[Round "11"]
[Board "39"]
[WhiteID "1112635"]
[White "Bartel Mateusz"]
[BlackID "2285525"]
[Black "Anton Guijarro David"]
[Result "1-0"]
[BlackElo "2630"]
[WhiteElo "2646"]
[LiveChessVersion "1.4.8"]

1. d4 {[%clk 1:30:55]} Nf6 {[%clk 1:30:45]} 2. Nf3 {[%clk 1:31:18]} b6
{[%clk 1:29:48]} 3. Bg5 {[%clk 1:31:40]} e6 {[%clk 1:29:02]} 4. e4
{[%clk 1:29:16]} h6 {[%clk 1:29:16]} 5. Bxf6 {[%clk 1:29:40]} Qxf6
{[%clk 1:29:40]} 6. Nbd2 {[%clk 1:29:17]} Qd8 {[%clk 1:26:07]} 7. Bd3
{[%clk 1:28:47]} d6 {[%clk 1:25:45]} 8. Qe2 {[%clk 1:23:56]} g6 {[%clk 1:23:43]}
9. e5 {[%clk 1:17:14]} d5 {[%clk 1:22:28]} 10. c4 {[%clk 1:14:40]} c6
{[%clk 1:19:58]} 11. Rc1 {[%clk 1:10:15]} Be7 {[%clk 1:18:09]} 12. O-O
{[%clk 1:02:35]} O-O {[%clk 1:15:00]} 13. cxd5 {[%clk 1:00:54]} cxd5
{[%clk 1:13:02]} 14. h4 {[%clk 1:00:13]} Bb7 {[%clk 1:01:55]} 15. h5
{[%clk 0:58:56]} g5 {[%clk 1:02:11]} 16. Nh2 {[%clk 0:51:56]} Nc6
{[%clk 1:00:22]} 17. Bb1 {[%clk 0:49:27]} Kg7 {[%clk 0:58:44]} 18. Qd3
{[%clk 0:46:00]} Rh8 {[%clk 0:59:01]} 19. f4 {[%clk 0:46:24]} Qd7
{[%clk 0:54:46]} 20. Ng4 {[%clk 0:41:16]} Rac8 {[%clk 0:47:00]} 21. Rc3
{[%clk 0:31:26]} Kf8 {[%clk 0:39:35]} 22. fxg5 {[%clk 0:20:08]} Bxg5
{[%clk 0:39:42]} 23. Nf6 {[%clk 0:20:34]} Qe7 {[%clk 0:39:03]} 24. Nf3
{[%clk 0:20:49]} Bxf6 {[%clk 0:23:06]} 25. exf6 {[%clk 0:20:20]} Qxf6
{[%clk 0:22:23]} 26. Rxc6 {[%clk 0:18:13]} Bxc6 {[%clk 0:22:18]} 27. Ne5
{[%clk 0:18:39]} Qg7 {[%clk 0:22:37]} 28. Qa3+ {[%clk 0:17:46]} Kg8
{[%clk 0:22:51]} 29. Rf3 {[%clk 0:18:08]} Be8 {[%clk 0:21:48]} 30. Kh2
{[%clk 0:10:56]} Rc1 {[%clk 0:21:14]} 31. Qe7 {[%clk 0:07:14]} Rxb1
{[%clk 0:19:49]} 32. Ng4 {[%clk 0:07:38]} Kh7 {[%clk 0:15:18]} 33. Nf6+
{[%clk 0:07:49]} Qxf6 {[%clk 0:15:44]} 34. Rxf6 {[%clk 0:07:38]} Rg8
{[%clk 0:15:40]} 35. Rg6 {[%clk 0:02:50]} Rxg6 {[%clk 0:14:43]} 36. hxg6+
{[%clk 0:03:14]} Kxg6 {[%clk 0:15:08]} 37. Qxe8 {[%clk 0:03:41]} Rxb2
{[%clk 0:15:32]} 38. Qa4 {[%clk 0:04:09]} a5 {[%clk 0:14:54]} 39. Qa3
{[%clk 0:04:26]} Rb4 {[%clk 0:12:47]} 40. Qg3+ {[%clk 0:31:51]} Kf6
{[%clk 0:38:53]} 41. Qf2+ {[%clk 0:32:07]} Kg6 {[%clk 0:33:42]} 42. a3
{[%clk 0:31:16]} Rc4 {[%clk 0:32:42]} 43. Qb2 {[%clk 0:31:40]} Rc6
{[%clk 0:31:59]} 44. Kg1 {[%clk 0:30:29]} Kf5 {[%clk 0:30:41]} 45. Kf2
{[%clk 0:29:31]} a4 {[%clk 0:24:06]} 46. Ke3 {[%clk 0:28:48]} f6 {[%clk 0:19:44]}
47. Qb1+ {[%clk 0:26:17]} Kg5 {[%clk 0:20:00]} 48. Kd2 {[%clk 0:26:42]} e5
{[%clk 0:18:53]} 49. g4 {[%clk 0:22:00]} Kxg4 {[%clk 0:17:30]} 50. Qg6+
{[%clk 0:22:10]} Kf4 {[%clk 0:17:42]} 51. Qxh6+ {[%clk 0:22:15]} Kf5
{[%clk 0:16:02]} 52. Qh3+ {[%clk 0:22:03]} Kf4 {[%clk 0:15:06]} 53. Qf1+
{[%clk 0:20:17]} Ke4 {[%clk 0:15:17]} 54. Qd3+ {[%clk 0:20:09]} Kf4
{[%clk 0:15:42]} 55. Qe3+ {[%clk 0:16:28]} Kf5 {[%clk 0:15:22]} 56. dxe5
{[%clk 0:15:04]} fxe5 {[%clk 0:14:48]} 57. Qh3+ {[%clk 0:15:28]} Kf4
{[%clk 0:13:18]} 58. Qh4+ {[%clk 0:15:51]} Kf5 {[%clk 0:13:23]} 59. Qxa4
{[%clk 0:16:18]} Rd6 {[%clk 0:11:46]} 60. Qe8 {[%clk 0:16:12]} e4
{[%clk 0:10:01]} 61. Qh5+ {[%clk 0:16:01]} Ke6 {[%clk 0:10:08]} 62. Ke3
{[%clk 0:16:26]} d4+ {[%clk 0:09:30]} 63. Kxe4 {[%clk 0:16:47]} Kd7
{[%clk 0:09:43]} 64. Qf7+ {[%clk 0:13:52]} Kc8 {[%clk 0:09:38]} 65. Kd3
{[%clk 0:13:52]} Rd7 {[%clk 0:09:48]} 66. Qe6 {[%clk 0:14:15]} Kc7
{[%clk 0:10:14]} 67. a4 {[%clk 0:14:13]} Rd6 {[%clk 0:10:19]} 68. Qe7+
{[%clk 0:14:07]} Rd7 {[%clk 0:10:17]} 69. Qe8 {[%clk 0:14:15]} Rd5
{[%clk 0:09:48]} 70. Qf7+ {[%clk 0:14:29]} Rd7 {[%clk 0:10:09]} 71. Qf4+
{[%clk 0:14:28]} Kb7 {[%clk 0:10:06]} 72. Qe5 {[%clk 0:13:46]} Kc8
{[%clk 0:10:22]} 73. Qe4 {[%clk 0:13:19]} Kc7 {[%clk 0:10:40]} 74. Qa8
{[%clk 0:13:42]} Rd6 {[%clk 0:09:48]} 75. Qa6 {[%clk 0:13:28]} Rd8
{[%clk 0:09:26]} 76. Qc4+ {[%clk 0:06:46]} Kb7 {[%clk 0:09:49]} 77. Qb3
{[%clk 0:07:10]} Kc7 {[%clk 0:09:41]} 78. Qc4+ {[%clk 0:06:34]} Kb7
{[%clk 0:10:07]} 79. a5 {[%clk 0:06:29]} bxa5 {[%clk 0:09:52]} 80. Qb5+
{[%clk 0:06:50]} Kc7 {[%clk 0:08:52]} 81. Qxa5+ {[%clk 0:06:55]} Kc8
{[%clk 0:09:12]} 82. Qc5+ {[%clk 0:07:22]} Kb7 {[%clk 0:09:03]} 83. Qe7+
{[%clk 0:07:47]} Kc8 {[%clk 0:09:30]} 84. Kc4 {[%clk 0:06:37]} d3
{[%clk 0:07:28]} 85. Kc5 {[%clk 0:06:59]} Rd7 {[%clk 0:07:52]} 86. Qe8+
{[%clk 0:06:52]} Kc7 {[%clk 0:08:15]} 87. Qe5+ {[%clk 0:07:11]} Kb7
{[%clk 0:08:14]} 88. Qf6 {[%clk 0:03:49]} Kc7 {[%clk 0:07:26]} 89. Qb6+
{[%clk 0:03:25]} Kc8 {[%clk 0:07:52]} 90. Qa6+ {[%clk 0:03:48]} Kc7
{[%clk 0:05:59]} 91. Qa5+ {[%clk 0:03:37]} Kb7 {[%clk 0:06:02]} 92. Qd2
{[%clk 0:03:56]} Kc7 {[%clk 0:05:36]} 93. Kb5 {[%clk 0:04:25]} Rd6
{[%clk 0:04:36]} 94. Qc3+ {[%clk 0:04:33]} Kd7 {[%clk 0:04:16]} 95. Qg7+
{[%clk 0:04:55]} Kc8 {[%clk 0:02:44]} 96. Qe5 {[%clk 0:03:38]} Kd7
{[%clk 0:01:53]} 97. Kc5 {[%clk 0:03:53]} Rc6+ {[%clk 0:02:19]} 98. Kd5
{[%clk 0:04:18]} d2 {[%clk 0:01:33]} 99. Qg7+ {[%clk 0:04:41]} Ke8
{[%clk 0:01:58]} 100. Qg8+ {[%clk 0:01:37]} Ke7 {[%clk 0:02:25]} 101. Qh7+
{[%clk 0:01:57]} Kf8 {[%clk 0:00:39]} 102. Qd3 {[%clk 0:01:26]} Rc8
{[%clk 0:00:35]} 103. Ke6 {[%clk 0:01:41]} Rc6+ {[%clk 0:00:33]} 104. Kd7
{[%clk 0:02:00]} Rf6 {[%clk 0:00:33]} 105. Qxd2 {[%clk 0:02:23]} Kf7
{[%clk 0:00:45]} 106. Qd5+ {[%clk 0:02:27]} Kg6 {[%clk 0:00:55]} 107. Ke7
{[%clk 0:02:50]} Rf5 {[%clk 0:00:33]} 108. Qd3 {[%clk 0:02:01]} Kg5
{[%clk 0:00:51]} 109. Ke6 {[%clk 0:02:27]} Rf6+ {[%clk 0:01:11]} 110. Ke5
{[%clk 0:02:52]} Rf8 {[%clk 0:01:34]} 111. Qg3+ {[%clk 0:02:56]} Kh5
{[%clk 0:01:58]} 112. Ke6 {[%clk 0:03:17]} Kh6 {[%clk 0:01:35]} 113. Qh4+
{[%clk 0:03:37]} Kg6 {[%clk 0:01:52]} 114. Qg4+ {[%clk 0:04:00]} Kh7
{[%clk 0:02:00]} 115. Ke7 {[%clk 0:04:16]} Rg8 {[%clk 0:02:15]} 116. Qh5+
{[%clk 0:03:28]} Kg7 {[%clk 0:02:42]} 117. Qh3 {[%clk 0:02:45]} Kg6
{[%clk 0:03:00]} 118. Qh4 {[%clk 0:03:11]} Rg7+ {[%clk 0:02:38]} 119. Ke6
{[%clk 0:03:37]} 1-0

[Event "WCO 2016"]
[Site "?"]
[Date "2016.09.13"]
[Round "11"]
[Board "40"]
[WhiteID "2226332"]
[White "Ibarra Jerez Jose Carlos"]
[BlackID "1126881"]
[Black "Swiercz Dariusz"]
[Result "1/2-1/2"]
[BlackElo "2639"]
[WhiteElo "2566"]
[LiveChessVersion "1.4.8"]

1. e4 {[%clk 1:30:31]} c5 {[%clk 1:30:55]} 2. Nf3 {[%clk 1:30:40]} d6
{[%clk 1:31:19]} 3. d4 {[%clk 1:30:48]} cxd4 {[%clk 1:31:46]} 4. Nxd4
{[%clk 1:30:56]} Nf6 {[%clk 1:32:11]} 5. Nc3 {[%clk 1:30:34]} a6 {[%clk 1:32:37]}
6. Qd3 {[%clk 1:29:27]} Nbd7 {[%clk 1:32:20]} 7. Bg5 {[%clk 1:26:04]} h6
{[%clk 1:17:33]} 8. Bh4 {[%clk 1:16:50]} g6 {[%clk 1:07:43]} 9. O-O-O
{[%clk 1:10:54]} e5 {[%clk 1:06:54]} 10. Nb3 {[%clk 1:00:32]} Be7
{[%clk 1:05:25]} 11. Be2 {[%clk 0:55:04]} Qc7 {[%clk 0:54:47]} 12. a4
{[%clk 0:27:17]} b6 {[%clk 0:44:01]} 13. g4 {[%clk 0:22:26]} Bb7 {[%clk 0:41:58]}
14. f3 {[%clk 0:20:25]} Rc8 {[%clk 0:39:49]} 15. Rd2 {[%clk 0:18:39]} Nxe4
{[%clk 0:32:10]} 16. Nxe4 {[%clk 0:17:19]} Bxe4 {[%clk 0:32:31]} 17. Qxe4
{[%clk 0:16:50]} Bxh4 {[%clk 0:32:54]} 18. Bxa6 {[%clk 0:16:38]} Bg5
{[%clk 0:32:48]} 19. Bxc8 {[%clk 0:16:24]} Qxc8 {[%clk 0:32:52]} 20. Rhd1
{[%clk 0:15:10]} O-O {[%clk 0:28:56]} 21. Kb1 {[%clk 0:15:04]} Nf6
{[%clk 0:17:26]} 22. Qb4 {[%clk 0:14:57]} Bxd2 {[%clk 0:17:52]} 23. Rxd2
{[%clk 0:14:43]} Qc6 {[%clk 0:18:00]} 24. Qxd6 {[%clk 0:10:31]} Qxf3
{[%clk 0:18:21]} 25. Qxb6 {[%clk 0:06:51]} e4 {[%clk 0:17:26]} 26. Nc1
{[%clk 0:06:23]} e3 {[%clk 0:14:49]} 27. Rd8 {[%clk 0:05:02]} Rxd8
{[%clk 0:12:00]} 28. Qxd8+ {[%clk 0:05:26]} Kh7 {[%clk 0:12:27]} 29. a5
{[%clk 0:05:11]} Ne4 {[%clk 0:12:09]} 30. Qd7 {[%clk 0:03:40]} Qf1
{[%clk 0:08:25]} 31. Ka2 {[%clk 0:02:36]} 1/2-1/2